Χαρακτήρες
Αποθηκεύτηκε σε:
| Κύριος συγγραφέας: | |
|---|---|
| Άλλοι συγγραφείς: | |
| Μορφή: | Βιβλίο |
| Γλώσσα: | Greek Ancient Greek |
| Δημοσίευση: |
Θεσσαλονίκη :
Ζήτρος,
c2008.
|
| Σειρά: | Αρχαίοι συγγραφείς (Εκδόσεις Ζήτρος)
113 |
| Θέματα: | |
| Ετικέτες: |
Προσθήκη ετικέτας
Δεν υπάρχουν, Καταχωρήστε ετικέτα πρώτοι!
|
MARC
| LEADER | 00000cam a2200000 a 4500 | ||
|---|---|---|---|
| 001 | 1/109946 | ||
| 008 | 160217s2008####gr | ||| |||||||gre|| | ||
| 020 | |a 9789604630356 | ||
| 040 | |a GR-MyUa |b gre |c GR-MyUa |e AACR2 | ||
| 041 | 0 | |a gre |a grc | |
| 082 | 7 | |a 185 |2 (23) | |
| 100 | 0 | |a Θεόφραστος, |d π. 372-287. | |
| 245 | 1 | 0 | |a Χαρακτήρες / |c Θεόφραστος ; εισαγωγή, μετάφραση, σχόλια Σταύρος Γκιργκένης ; πρόλογος Στέλιος Παπαθεμελής. |
| 260 | |a Θεσσαλονίκη : |b Ζήτρος, |c c2008. | ||
| 300 | |a 631 σ. ; |c 21 εκ. | ||
| 490 | 1 | |a (Αρχαίοι συγγραφείς / Ζήτρος ; |v 113) | |
| 504 | |a Βιβλιογραφία: σ. 629-631. | ||
| 650 | 0 | |a Character sketches. | |
| 650 | 0 | |a Philosophy, Ancient. | |
| 700 | 1 | |a Γκιργκένης, Σταύρος, |e aui |e trl |e cwt | |
| 830 | 0 | |a Αρχαίοι συγγραφείς (Εκδόσεις Ζήτρος) |v 113 | |
| 852 | |a INST |b SYROS |e 20160217 |h 185 ΘΕΟ |p 005500011812 |q 005500011812 |t BK |y 0 | ||
| 970 | |a Κοντού |b Παρασκευή |z 17/02/2016 | ||